[Event "Ciego de Avila"]
[Site "Ciego de Avila"]
[Date "2010.10.25"]
[Round "11"]
[White "Sanchez Alvarez, Roberto Carlos"]
[Black "Espinosa Reyes, Rene"]
[Result "1-0"]
[WhiteElo "2359"]
[BlackElo "2107"]
[PlyCount "95"]
[EventDate "2010.10.15"]
[EventType "tourn"]
[EventRounds "14"]
[EventCountry "CUB"]
[SourceTitle "EXT 2013"]
[Source "ChessBase"]
[SourceDate "2012.11.22"]
[SourceVersion "1"]
[SourceVersionDate "2012.11.22"]
[SourceQuality "1"]

1. Nf3 d5 2. d4 Nf6 3. c4 e6 4. Nc3 Nbd7 5. e3 Bb4 6. Bd3 c5 7. 0-0 cxd4 8. exd4 dxc4 9. Bxc4 0-0 10. Bg5 Bxc3 11. bxc3 Qc7 12. Bd3 Qxc3 13. Rc1 Qa5 14. Ne5 h6 15. Bh4 Qd5 16. Re1 Kh8 17. Bb1 b5 18. Nxd7 Bb7 19. f3 Nxd7 20. Be4 Qh5 21. Bxb7 Qxh4 22. Bxa8 Rxa8 23. d5 Nf6 24. dxe6 fxe6 25. Rxe6 a5 26. Rec6 Rg8 27. Qd2 b4 28. Rc8 Qh5 29. Rxg8+ Nxg8 30. Rc8 Qf7 31. Rd8 Qa7+ 32. Qd4 Qf7 33. Qd5 Qxd5 34. Rxd5 a4 35. Rb5 b3 36. axb3 axb3 37. Rxb3 Nf6 38. Kf2 Kh7 39. Rb6 Kg6 40. Ke3 Kf5 41. Rb5+ Ke6 42. Kd4 Kf7 43. Rb7+ Kg6 44. Ke5 Nh5 45. g4 Nf6 46. Rb6 Kg5 47. Rb7 g6 48. f4+ 1-0